Incollable #47 - Animaux - Statistiques

Statistiques générales
  • Ce quiz a été pris 428 fois
  • Le résultat moyen est 5 sur 9
Statistiques - réponses
Niveaux Questions Réponses % Correct
CP Quel nom d’animal entends tu dans le mot « sourire » ? Souris
99%
CP En cinq lettres: petit cheval. Poney
93%
CE2 Comment appelle-t-on un animal qui en attaque un autre pour se nourrir ? Un prédateur
77%
Collège De quel animal le jars est-il le mâle ? De l’oie
70%
CM1 Que fait un boa pour tirer sa proie ? Il l’étouffe
54%
Collège Je suis un oiseau de mer.Je suis aussi une personne atteinte de démence. Que suis-je ? Le fou
39%
Lycée Quel animal est le ouakari ? Un singe (d’Amérique du Sud)
35%
CM2 Comment appelle-t-on la boulette de poils et de plumes recrachée par le hibou ? La pelote de réjection
16%
Lycée Comment appelle-t-on le porc réservé à la reproduction ? Le verrat
16%
Aucun quiz correspondant
Distribution des résultats
% des personnes avec chaque résultat
Percentile par nombre de réponses
Votre historique - résultats
Vous n’avez pas pris ce quiz